00489nam a2200145Ia 4500008004100000041000800041082001700049100001600066245004500082260002800127300003300155365001200188999001700200952012600217240624s9999 xx 000 0 und d aeng a658.4092 JUL aJULI THOMAS aLEADERSHIP PRINCIPLES FOR PROJECT SUCCES c2011aLondonbCRC Press axxiii, : 260 : p. : cm. ; 24 cBPSb27 c16882d16882 00104070aIMTNbIMTNcRack 29-Bd2011-03-28eBWEg44.99o658.4092 JULp16882r2024-06-24 00:00:00t77.5w2024-06-24yBK